000 01145nam a22002897a 4500
005 20240530110606.0
008 161102s2015 ua a g b 000 0 ara d
017 _a2014/23796
_bمصر. دار الكتب
020 _a9772329977
040 _aEG-CaGPL
_cEG-CaGPL
082 0 4 _221
_a371.207\
_bا م
100 0 _aالسيد عبدالعزيز البهواشى
245 1 2 _aالمدخل الى المناخ التعليمى الفعال /
_cالسيد عبدالعزيز البهواشى ، هند محمد الشريف .
250 _aط.1
260 _aالقاهرة :
_bعالم الكتب ،
_c2015 .
300 _a294 ص ؛
_c24 سم .
504 _aببليوجرافية : ص 273 - 294
650 0 7 _2qrmak
_aالتخطيط التعليمى
650 0 7 _2qrmak
_aالتعليم
_zتركيا
650 0 7 _2qrmak
_aالتعليم
_zكوريا الجنوبية
650 0 7 _2qrmak
_aالتعليم
_zماليزيا
650 0 7 _2qrmak
_aالتعليم
_xتطوير
650 0 7 _2qrmak
_aالتعليم
650 0 7 _2qrmak
_aالسياسة التعليمية
942 _2ddc
_cBK
999 _c62753
_d62753